Länder mit 3 A+ im Namen - Statistiken

Allgemein
  • Dieses Quiz wurde 259 mal gespielt
  • Das Durchschnittsergebnis liegt bei 10 aus 20
Antwortstatistiken
Antwort % Korrekt
Kanada
81%
Afghanistan
71%
Kasachstan
65%
Madagaskar
65%
Panama
65%
Aserbaidschan
64%
Vereinigte Arabische Emirate
61%
Saudi-Arabien
56%
Antigua und Barbuda
54%
Papua-Neuguinea
53%
Bahamas
51%
Nicaragua
49%
Malaysia
48%
Guatemala
47%
Zentralafrikanische Republik
46%
Äquatorialguinea
43%
Paraguay
37%
Tansania
37%
Jamaika
32%
Vatikanstadt
25%
Keine übereinstimmenden Quizze gefunden
Verteilung der Resultate
Anzahl Personen mit jedem Resultat
Perzentil nach korrekt beantworteten Fragen
Ihre Resultats-Entwicklung
Sie haben dieses Quiz noch nicht gespielt